000 00500cam a2200181 a 4500
005 20250901165434.0
008 820825s1982 nyu 001 0 eng
010 _a 82071322
020 _a0814457436
050 0 0 _aHD60 .D52 1982
_b.D52 1982
082 0 0 _a658.4
_219
100 1 _aDiebold, John,
_d1926-2005.
245 1 4 _aThe role of business in society /
_cJohn Diebold.
260 _aNew York, NY :
_bAMACOM,
_cc1982.
300 _a134 p. ;
_c22 cm.
500 _aIncludes index.
942 _2ddc
999 _c3989
_d3989